Central Library OPAC University of Rajshahi

Children's views of foreign peoples : (Record no. 28603)

MARC details
000 -LEADER
fixed length control field 00692nam a22002297a 4500
001 - CONTROL NUMBER
control field 28603
003 - CONTROL NUMBER IDENTIFIER
rucl marc code BD-RjUL
005 - DATE AND TIME OF LATEST TRANSACTION
control field 20211209051314.0
008 - FIXED-LENGTH DATA ELEMENTS--GENERAL INFORMATION
fixed length control field 140331s1967 nyua|||| |||| 001 0 eng d
035 ## - SYSTEM CONTROL NUMBER
System control number (BD-RjUL)28684
040 ## - CATALOGING SOURCE
Original cataloging agency BD-RjUL
Language of cataloging eng
Transcribing agency BD-RjUL
Modifying agency BD-RjUL
041 ## - LANGUAGE CODE
Language code of text/sound track or separate title eng
082 04 - DEWEY DECIMAL CLASSIFICATION NUMBER
Classification number 136.7082
Author mark and year LAC 1967
100 1# - MAIN ENTRY--PERSONAL NAME
Personal name Lambert, Wallace E
9 (RLIN) 87585
245 10 - TITLE STATEMENT
Title Children's views of foreign peoples :
Remainder of title a cross-national study /
Statement of responsibility, etc. by Wallace E Lambert
260 ## - PUBLICATION, DISTRIBUTION, ETC. (IMPRINT)
Place of publication, distribution, etc. New York :
Name of publisher, distributor, etc. Appleton-Century-Crofts,
Date of publication, distribution, etc. 1967
300 ## - PHYSICAL DESCRIPTION
Pagination ix, 319p. :
Illustrations ill. ;
Size 21cm.
504 ## - BIBLIOGRAPHY, ETC. NOTE
Bibliography, etc Include index
650 #0 - SUBJECT ADDED ENTRY--TOPICAL TERM
Topical term or geographic name as entry element Child psychology.
9 (RLIN) 3848
700 1# - ADDED ENTRY--PERSONAL NAME
Personal name Klineberg, Otto
942 ## - ADDED ENTRY ELEMENTS (KOHA)
Source of classification or shelving scheme Dewey Decimal Classification
Koha item type Books
Holdings
Lost status Source of classification or shelving scheme Damaged status Not for loan Collection code Permanent Location Current Location Shelving location Date acquired Source of acquisition Cost, normal purchase price Total Checkouts Full call number Date last seen Copy number Koha item type
  Dewey Decimal Classification   Added to bundle Non-fiction Central Library, University of Rajshahi Central Library, University of Rajshahi Reading Room 07/08/1971 Zeitlinger 74.00   136.7082 LAC 1967 31/03/2014 C-1 Books